| 000 | 00911nas a2200289 4500 | ||
|---|---|---|---|
| 001 | BR2013008815 | ||
| 003 | BR-BrBNA | ||
| 005 | 20231205123157.0 | ||
| 007 | ta | ||
| 008 | 230509b bl.|||p| |||| 00| 00por d | ||
| 040 |
_aBR-BrBNA _bpor _cBiblioteca Nacional de Agricultura |
||
| 041 | _a(Pt) | ||
| 072 | _aF03 | ||
| 100 | 1 | _aAlencar, K,M. de C. | |
| 100 | 1 | _aLaura, V.A. | |
| 100 | 1 | _aRodrigues, A.P.D.C. | |
| 100 | 1 | _aResende, R.M.S. | |
| 245 | 1 | _aTratamento térmico para superação da dormência em sementes de Stylosanthes SW. (Fabaceae Papilionoideae) | |
| 650 | _aLEGUMINOSA FORRAGEIRA | ||
| 650 | _aGERMINAÇÃO | ||
| 650 | _aSEMENTE | ||
| 650 | _aTRATAMENTO TÉRMICO | ||
| 650 | _aDORMÊNCIA | ||
| 773 | 0 |
_tRevista Brasileira de Sementes (Brazil) _xISSN 0101-3122 _g(Jun 2009), v. 31(2) p. 164-170 _wBR2013008815 |
|
| 909 |
_a202311 _bLúcia _c55 _dLúcia Elande |
||
| 942 |
_2AGRIS _n0 _cANA |
||
| 999 |
_c232550 _d232550 |
||